| 000 | 00483nam a22001697a 4500 | ||
|---|---|---|---|
| 005 | 20260103122927.0 | ||
| 020 | _a9789814295581 | ||
| 084 | _a530.41 | ||
| 245 | _aUnderstanding soft condensed matter via modeling and computation | ||
| 260 |
_aSingapore: _bWorld Scientific, _c2011. |
||
| 300 | _avii,367p. | ||
| 490 | _aSeries in soft condensed matter Vol.3 | ||
| 650 | _aStates of matter  | ||
| 700 |
_aWenbing, Hu _97292 |
||
| 700 |
_aChang, Shi-An _97293 |
||
| 942 |
_2ddc _cBK |
||
| 999 |
_c754745 _d754745 |
||